000 00565nam a22001937a 4500
005 20251108164728.0
008 250721s1995 xx 000 0 ara d
082 1 4 _a807.2/علي
100 1 _aالطاهر، علي جواد
245 1 0 _aمنهج البحث الأدبي /
250 _aط8.، منقحة
264 1 _aبيروت :
_bالدار المتحدة للنشر و التوزيع،
_c1995.
300 _a132ص
650 1 7 _aالأدب
650 1 7 _aالأبحاث الأدبية
650 1 7 _aالأبحاث
942 _2ddc
_cBK
999 _c12902
_d12902